000 00521nam a22001817a 4500
999 _c196499
_d196499
005 20230705160758.0
010 _aENG-137297
020 _a8189102885
_c350.00
035 _aEN-120829
037 _bDBAD/PUB
082 _a370.954
100 _aSharma, Pawan
245 _aEducation in India/
_c by Pawan Sharma
260 _a Delhi
_bVishal Kaushik Printers
_c2010
270 _aA49, Gali No. 6, Jagat Puri Ext.,
_bDelhi
_e110093
300 _a229pg
_c21.2cm(pbk)
942 _2ddc
_cEN
_mSHA
_h370.954